| 000 | 01143nam a2200313 a 4500 | ||
|---|---|---|---|
| 003 | DO-SdBNP | ||
| 005 | 20220221123842.0 | ||
| 007 | ta | ||
| 008 | 220204e2019 dr abocgr|||| 001 edspa d | ||
| 020 | _a9789945220230 | ||
| 040 |
_aDO-SdBNP _bspa _cBNPHU |
||
| 082 | 4 |
_a929.92097293 _bB248c _222 |
|
| 100 | 1 |
_935108 _aBaret, Víctor |
|
| 245 | 1 | 0 |
_aConociendo, descifrando y protegiendo nuestros símbolos patrios / _cVíctor C. Baret Berroa ; prólogo, Frank Martínez |
| 260 |
_aSanto Domingo : _bBúho, _c2019 |
||
| 300 |
_a165 p. : _bil., fots., mapa, retrs. ; _c23 cm. |
||
| 500 | _aIncluye datos biográficos del autor en la solapa de la cubierta. | ||
| 504 | _aBibliografía: p. 159- 165 | ||
| 590 | _aInventariado 2022 / MF | ||
| 650 | 4 |
_910404 _aEmblemas nacionales _zRepública Dominicana |
|
| 650 | 4 |
_92512 _aHimnos Patrióticos Dominicanos _xRepública Dominicana |
|
| 650 | 4 |
_aEscudos nacionales _954219 |
|
| 650 | 4 |
_aBanderas _981242 |
|
| 650 | 4 |
_aEmblemas nacionales _976470 |
|
| 650 | 4 | _aHeraldica | |
| 700 | 1 |
_952780 _aMartínez, Frank, _epról. |
|
| 910 | _aMFeliz/Validado. Control de calidad MFF | ||
| 942 |
_2ddc _cLBS1 |
||
| 999 |
_c51341 _d51341 |
||